Normal view
MARC view
- Naidich, James
Entry Personal Name
001 - CONTROL NUMBER
- control field: 39055
003 - CONTROL NUMBER IDENTIFIER
- control field: NUST
005 - DATE AND TIME OF LATEST TRANSACTION
- control field: 20210314131331.0
008 - FIXED-LENGTH DATA ELEMENTS
- fixed length control field: 210314|| aca||aabn | a|a d
040 ## - CATALOGING SOURCE
- Original cataloging agency: NUST
- Transcribing agency: NUST
100 ## - HEADING--PERSONAL NAME
- Personal name: Naidich, James
670 ## - SOURCE DATA FOUND
- Source citation: Work cat.: (NUST): Naidich, James., Mathematics for the aviation trades,, [c1942]
